000 01049cam a2200253 4500
001 J117063
008 020308n1990 000 0 eng u
035 _a(Sirsi) u117063
041 _aeng.
050 _a693.74
110 _aLead Sheet Association
_94237
245 _aLead sheet manual volume 1 : lead sheet flashings
260 _aPembury
_bLead Sheet Association
_c1990
300 _a68p.
_bill.
_c30cm.
350 _a22.50
520 _aThis first of three Lead Sheet Technical Manuals details the use of lead sheet for flashings to slated and tiled roofs and other materials, its partnership with other materials and its use in applications such as abutments, chimneys and pitched valley gutters. Includes detailed drawings, charts, and illustrations. For details of volumes 2 and 3 see: J11491 and J11492.
520 _aSuperseded by L131140.
650 _aLEAD SHEET FLASHINGS
650 _aLEAD
650 _aLEAD SHEET ROOFS
650 _aROLLED LEAD SHEET
690 _aBUILT ENVIRONMENT-BUILDING MATERIALS
942 _n0
999 _c101932
_d101932